Sports Quiz

Random Sports or World Quiz

Old Atlanta Braves players in World Series Quiz Stats

 Plays Quiz not verified by Sporcle

Score 0/84 Timer 15:00
0 Plays Today
Hint Answer % Correct
2019 Washington NationalsAnibal Sanchez
100%
2019 Washington NationalsMatt Adams
100%
2019 Washington NationalsKurt Suzuki
100%
2017 Houston AstrosBrian McCann
88.9%
2018 Los Angeles DodgersMatt Kemp
80%
2018 Boston Red SoxCraig Kimbrel
80%
2018, 2017 Los Angeles DodgersAlex Wood
66.7%
2017 Houston AstrosEvan Gattis
66.7%
2017 Houston AstrosCharlie Morton
55.6%
1997 Florida MarlinsGary Sheffield
50.5%
2015 New York MetsKelly Johnson
41.8%
2001 New York Yankees 2000 New York Yankees 1997 Cleveland IndiansDavid Justice
38.5%
2016 Chicago CubsJason Heyward
33.3%
2002 San Francisco Giants 1995 Cleveland IndiansKenny Lofton
28.6%
2001 Arizona DiamondbacksAlbie Lopez
25.3%
2017 Houston AstrosCameron Maybin
22.2%
2011 St Louis CardinalsRafael Furcal
20.9%
2010 San Francisco Giants 2004 St Louis Cardinals 1997 Florida MarlinsEdgar Renteria
20.9%
2014 San Francisco GiantsTim Hudson
19.8%
2014 Kansas City Royals 2012 Detroit Tigers 2006 Detroit TigersOmar Infante
19.8%
2016 Chicago Cubs 2013 Boston Red SoxDavid Ross
18.7%
2005 Chicago White SoxJermaine Dye
18.7%
2014 San Francisco Giants, 2012 San Francisco GiantsGregor Blanco
17.6%
2008 Tampa Bay RaysMelvin Upton
17.6%
2005 Chicago White SoxA.J. Pierzynski
17.6%
2004 St Louis Cardinals 2002 San Francisco Giants 2001 Arizona DiamondbacksReggie Sanders
17.6%
2002 Anaheim AngelsGarrett Anderson
17.6%
2002 San Francisco Giants 1997 Florida MarlinsLivan Hernandez
17.6%
Hint Answer % Correct
2000 New York MetsMatt Franco
17.6%
2015 New York Mets 2010 San Francisco Giants 2005 Chicago White SoxJuan Uribe
16.5%
2011 Texas RangersMike Gonzalez
16.5%
2009 New York YankeesMark Teixeira
16.5%
2007 Boston Red SoxJ.D. Drew
16.5%
2003 Florida MarlinsAlex Gonzalez
16.5%
1995 Cleveland IndiansDennis Martinez
16.5%
2015 Kansas City Royals Kris Medlen
15.4%
2011 St Louis Cardinals 2008 Tampa Bay RaysEdwin Jackson
15.4%
2002 San Francisco GiantsRuss Ortiz
15.4%
1997 Cleveland IndiansMarquis Grissom
15.4%
2010 Texas RangersJeff Francoeur
14.3%
2002 Anaheim AngelsTroy Glaus
13.2%
2001 New York Yankees 2000 New York Yankees 1999 New York Yankees 1998 New York YankeesMike Stanton
13.2%
2000 New York MetsMike Hampton
13.2%
2013 Boston Red SoxJonny Gomes
12.1%
2012 Detroit Tigers 2011 St Louis CardinalsGerald Laird
12.1%
2009 New York YankeesMelky Cabrera
12.1%
2002 San Francisco GiantsJason Schmidt
12.1%
2009 New York Yankees 2008 Tampa Bay Rays 2007 Boston Red SoxEric Hinske
11%
2004 Boston Red SoxDerek Lowe
11%
1998 San Diego PadresQulivio Veras
11%
2003 Florida MarlinsDerrek Lee
9.9%
1997 Cleveland Indians Jaret Wright
9.9%
2013 Boston Red SoxJarrod Saltalamacchia
8.8%
2001 Arizona DiamondbacksMiguel Batista
8.8%
2001 Arizona DiamondbacksDanny Bautista
8.8%
1997 Florida MarlinsBobby Bonilla
8.8%
Hint Answer % Correct
2012 Detroit Tigers 2011 St Louis CardinalsOctavio Dotel
7.7%
2008 Tampa Bay RaysWilly Aybar
7.7%
2005 Chicago White SoxFreddy Garcia
7.7%
2007 Boston Red SoxJulio Lugo
6.6%
2004 Boston Red Sox 1995 Cleveland IndiansAlan Embree
6.6%
2004 St Louis CardinalsRay King
6.6%
2004 St Louis Cardinals 1995 Cleveland IndiansJulian Tavarez
6.6%
2000 New York YankeesDenny Neagle
6.6%
2000 New York YankeesLuis Polonia
6.6%
1998 San Diego PadresAndy Ashby
6.6%
1993 Philadelphia PhilliesTerry Mulholland
6.6%
2014 Kansas City RoyalsJason Frasor
5.5%
2009 New York YankeesNick Swisher
5.5%
2005 Chicago White SoxWillie Harris
5.5%
1998 San Diego PadresGreg Myers
5.5%
1997 Florida MarlinsAntonio Alfonseca
5.5%
1997 Cleveland Indians 1995 Cleveland IndiansPaul Assenmacher
5.5%
2011 Texas Rangers 2010 Texas RangersAlexei Ogando
4.4%
2009 Philadelphia PhilliesChad Durbin
4.4%
2007 Colorado RockiesJeff Baker
4.4%
2006 Detroit TigersJason Grili
4.4%
2006 Detroit TigersWil Ledezma
4.4%
2003 Florida MarlinsMark Redman
4.4%
2004 St Louis CardinalsJason Marquis
3.3%
2003 Florida MarlinsTodd Hollandsworth
3.3%
2001 Arizona DiamondbacksGreg Colbrunn
3.3%
2000 New York Mets1997 Florida MarlinsKurt Abbott
3.3%
1997 Florida MarlinsJay Powell
3.3%

You're not logged in!

Compare scores with friends on all Sporcle quizzes.
OR
Log In

Sporcle TV

Today on Sporcle TV


Watch our educational content, quiz creation guides, and fun videos on Sporcle TV.

Show Comments

Extras

Top Quizzes Today


Score Distribution

Your Account Isn't Verified!

In order to create a playlist on Sporcle, you need to verify the email address you used during registration. Go to your Sporcle Settings to finish the process.

Report this User

Report this user for behavior that violates our Community Guidelines.

Details: